000 00903nam a2200253 i 4500
003 DO-SdBNP
005 20250403120423.0
007 ta
008 250226b2023 ||||| |||| 00| 0 spa d
040 _aDO-SdBNP
_bspa
_cBNPHU
_erda
082 4 _axxx
_bxxx
_222
110 1 _aRepública Dominicana.
_bDirección General de Aduanas.
_943102
240 _aLeyes, etc.
245 0 0 _aLey de aduanas núm. 168-21 de la República Dominicana y su reglamento general de aplicación, dec. núm. 755-22 /
_cprólogo, Eduardo Sanz Lovatón
264 1 _aSanto Domingo :
_bDirección General de Aduanas,
_c2023.
300 _a277 páginas ;
_c24 cm.
336 _atexto
_btxt
_2rdacontent
337 _asin mediación
_bn
_2rdamedia
338 _avolumen
_bnc
_2rdacarrier
590 _aInventariado, 2025/BT
700 1 _aSanz Lovatón, Eduardo,
_eprologuista
_4pr.
_987070
910 _aBtavárez
942 _2ddc
_cLBS1
999 _c58247
_d58247